Participantes do Big Brother Brasil 2 - Statistics

Estatísticas Gerais
  • Esse quiz foi jogado 17 vezes
  • A pontuação média é 9 de 12
Estatísticas das Respostas
Posição Participante % Correto
Manuela Saadeh
100%
Rodrigo Leonel
100%
Thyrso Mattos
100%
Cida Moraes
83%
Jeferson Santos
75%
Thais Ventura
75%
11º Tina Soares
75%
10º Fernando Fernandes
67%
Moisés Silva
67%
12º Rita Lopes
67%
Tarciana Mafra
67%
Fabricio Amaral
58%
Nenhum quiz correspondente encontrado
Distribuição das Pontuações
Porcentagem de Pessoas com Cada Pontuação
Percentil de Números Respondidos
Sua Pontuação Histórica
Você não jogou esse quiz